<?xml version="1.0" encoding="UTF-8"?>
<resp>
  <nextPage>https://data.bn.org.pl/api/networks/bibs.marcxml?marc=001+b00001150000005&amp;sinceId=1150000006</nextPage>
  <collection>
    <record xmlns='http://www.loc.gov/MARC21/slim'><leader>01924namZa2200493ZiZ4500</leader><controlfield tag='001'>b00001150000005</controlfield><controlfield tag='005'>20241203215735.7</controlfield><controlfield tag='008'>230609s        pl           |000 0 pol c</controlfield><controlfield tag='009'>9913261913805606</controlfield><datafield ind1=' ' ind2=' ' tag='035'><subfield code='a'>KR_1KR_1_20120317230003022116-48omnis_kr</subfield></datafield><datafield ind1=' ' ind2=' ' tag='035'><subfield code='a'>KR_1_20120317230003022116</subfield><subfield code='9'>ExL</subfield></datafield><datafield ind1=' ' ind2=' ' tag='035'><subfield code='a'>(PL)b00001150000005</subfield></datafield><datafield ind1=' ' ind2=' ' tag='040'><subfield code='a'>KR_1</subfield><subfield code='c'>KR_1</subfield></datafield><datafield ind1='0' ind2=' ' tag='041'><subfield code='a'>pol</subfield></datafield><datafield ind1='0' ind2='0' tag='245'><subfield code='a'>(Nie)bezpieczna ulica /</subfield><subfield code='c'>scen., reż. i muz. Dariusz Regucki ; wyst. Paula Szewczyk, Maciej Słota, Rafał Zawierucha, Marek Maślanka ; konsult. meryt. Przemysław Guła ; zdj. Michał Bożyk ; dźw. Tomasz Kochan ; montaż Marcin Pazdur ; charakter. Joanna Matela.</subfield><subfield code='h'>[Dok. audiowiz.].</subfield></datafield><datafield ind1=' ' ind2=' ' tag='260'><subfield code='a'>Kraków :</subfield><subfield code='b'>Dom Wydawniczy &quot;Rafael&quot;,</subfield><subfield code='c'>[2007].</subfield></datafield><datafield ind1=' ' ind2=' ' tag='300'><subfield code='a'>1 płyta [DVD] ;</subfield><subfield code='c'>12 cm.</subfield></datafield><datafield ind1='1' ind2=' ' tag='490'><subfield code='a'>Pierwsza Pomoc : filmowy pakiet edukacyjny</subfield></datafield><datafield ind1=' ' ind2=' ' tag='500'><subfield code='a'>a</subfield></datafield><datafield ind1=' ' ind2=' ' tag='505'><subfield code='a'>Zawiera : Zagrożenia życia, powiadomienie służb ratunkowych ; Problemy z sercem ; Drgawki ; Alergie i ukąszenia ; Zatrzymanie krążenia (szybka defibrylacja AED).</subfield></datafield><datafield ind1=' ' ind2='9' tag='650'><subfield code='a'>Ratownictwo medyczne</subfield><subfield code='v'>poradnik</subfield></datafield><datafield ind1='1' ind2=' ' tag='700'><subfield code='a'>Maślanka, Marek</subfield><subfield code='e'>Wyk.</subfield></datafield><datafield ind1='1' ind2=' ' tag='700'><subfield code='a'>Zawierucha, Rafał.</subfield><subfield code='e'>Wyk.</subfield></datafield><datafield ind1='1' ind2=' ' tag='700'><subfield code='a'>Słota, Maciej</subfield><subfield code='e'>Wyk.</subfield></datafield><datafield ind1='1' ind2=' ' tag='700'><subfield code='a'>Regucki, Dariusz</subfield><subfield code='e'>Scen*reż*muz.</subfield></datafield><datafield ind1='1' ind2=' ' tag='700'><subfield code='a'>Guła, Przemysław</subfield><subfield code='e'>Konsult.</subfield></datafield><datafield ind1='1' ind2=' ' tag='700'><subfield code='a'>Bożyk, Michał.</subfield><subfield code='e'>Zdj.</subfield></datafield><datafield ind1='1' ind2=' ' tag='700'><subfield code='a'>Szewczyk, Paulina</subfield><subfield code='e'>Wyk.</subfield></datafield><datafield ind1='1' ind2=' ' tag='700'><subfield code='a'>Matela, Joanna.</subfield><subfield code='e'>Charakt.</subfield></datafield><datafield ind1='1' ind2=' ' tag='700'><subfield code='a'>Pazdur, Marcin</subfield><subfield code='e'>Mont.</subfield></datafield><datafield ind1='1' ind2=' ' tag='700'><subfield code='a'>Kochan, Tomasz</subfield><subfield code='e'>Dźw..</subfield></datafield><datafield ind1=' ' ind2=' ' tag='852'><subfield code='b'>48OMNIS_NETWORK</subfield><subfield code='8'>9913261913805606</subfield></datafield><datafield ind1=' ' ind2=' ' tag='852'><subfield code='b'>48OMNIS_KR</subfield><subfield code='8'>991000000059708216</subfield></datafield></record>
  </collection>
</resp>
